[Event "Xtracon Chess Open 2018"]
[Site "Elsinore"]
[Date "2018.07.22"]
[Round "3"]
[White "Finnsson, Eli W."]
[Black "Skovgaard, Ib"]
[Result "1-0"]
[WhiteElo "1606"]
[BlackElo "1934"]
[EventDate "2018.07.21"]
[WhiteFideId "7201451"]
[BlackFideId "1406760"]

1.e4 c5 2.Nf3 e6 3.d4 cxd4 4.Nxd4 Nf6 5.Nc3 e5 6.Ndb5 d6 7.Bg5 a6 8.Na3 b5
9.Bxf6 gxf6 10.Nd5 Be6 11.c3 Nd7 12.Nc2 Nc5 13.Qf3 Bxd5 14.exd5 Rg8 15.g3 
Bh6 16.Be2 Qd7 17.Ne3 Bxe3 18.fxe3 f5 19.Rf1 Rg5 20.O-O-O b4 21.cxb4 Ne4 
22.Kb1 Rb8 23.Bd3 Rxb4 24.Bxe4 Rxe4 25.Rc1 Qb5 26.h4 Qd3+ 27.Ka1 Rxe3 28.
Qf2 Rgxg3 29.Rfd1 Qe4 30.Re1 Rxe1 31.Rxe1 Rf3 32.Qg1 Qxh4 33.Qg8+ Ke7 34.
Rc1 Qh5 35.Rc7+ Kf6 36.Qd8+ Kg7 37.Rc1 Qg6 38.a4 Rg3 39.Rc8 Rg4 40.Qf8+ 
Kf6 41.Qxd6+ Kg5 42.Qxe5 Rxa4+ 43.Kb1 Rg4 44.d6 Rg1+ 45.Rc1 Rxc1+ 46.Kxc1 
Qf6 47.Qc5 Qe6 48.Qc7 Qe1+ 49.Kc2 Qe2+ 50.Kc3 Qe5+ 51.Kc4 Kf6 52.Qd8+ Ke6 
53.Qe7# 1-0

[Event "Xtracon Chess Open 2018"]
[Site "Elsinore"]
[Date "2018.07.22"]
[Round "3"]
[White "Naesborg, Jens-Ole"]
[Black "Tonnesen, Jan Ryder"]
[Result "1-0"]
[WhiteElo "1866"]
[BlackElo "1604"]
[EventDate "2018.07.21"]
[WhiteFideId "1443577"]
[BlackFideId "1461869"]

1.f4 d5 2.Nf3 Nc6 3.g3 Bg4 4.h3 Bxf3 5.exf3 e6 6.Bb5 Bc5 7.d4 Bb6 8.Be3 
Ne7 9.g4 Qd6 10.c3 h5 11.Qd2 a6 12.Bd3 hxg4 13.fxg4 f5 14.gxf5 Nxf5 15.Bf2
O-O-O 16.Na3 Nh4 17.O-O-O Rdf8 18.Bg3 Nf5 19.Bxf5 exf5 20.Nc2 Ne7 21.h4 
Rh5 22.Ne1 Ng6 23.Nf3 c6 24.Rde1 Bd8 25.Ng5 Bxg5 26.hxg5 Rxh1 27.Rxh1 Rh8 
28.Rxh8+ Nxh8 29.Qh2 Qf8 30.Qe2 Qf7 31.Be1 Kd7 32.Bd2 Qe8 33.Qe5 Qxe5 34.
dxe5 c5 35.Kc2 b5 36.Kb3 Ng6 37.a4 Ne7 38.axb5 axb5 39.Kc2 g6 40.b3 Kc6 
41.Kd3 Kd7 42.c4 bxc4+ 43.bxc4 d4 44.Ba5 Nc6 45.Be1 Kc7 46.Kc2 Kc8 47.Kb3 
Kb7 48.Ka4 Ka6 49.e6 Kb6 50.Ba5+ Kb7 51.Kb5 d3 52.e7 Nxe7 53.Kxc5 Nc6 54.
Bc3 Kc7 55.Kd5 Kd7 56.c5 Ne7+ 57.Ke5 Nc6+ 58.Kf6 Ne7 59.c6+ Nxc6 60.Kxg6 
Ne7+ 61.Kf7 Nd5 62.Bd2 Ne7 63.g6 Nd5 64.g7 Ne7 65.g8=Q Nxg8 66.Kxg8 Ke6 
67.Kg7 Kd5 68.Kf6 1-0

[Event "Xtracon Chess Open 2018"]
[Site "Elsinore"]
[Date "2018.07.22"]
[Round "3"]
[White "Ufnarovski, Victor"]
[Black "Persson, Lars 1958"]
[Result "1-0"]
[WhiteElo "1854"]
[BlackElo "1588"]
[EventDate "2018.07.21"]
[WhiteFideId "1743856"]
[BlackFideId "1742469"]

1.d4 Nf6 2.Nc3 d5 3.Bg5 e6 4.e4 dxe4 5.Nxe4 Be7 6.Nxf6+ Bxf6 7.Bxf6 Qxf6 
8.Bd3 O-O 9.Nf3 b6 10.Be4 c6 11.Ne5 Bb7 12.Qd3 h6 13.c3 Qe7 14.Qf3 Rc8 15.
h4 f5 16.Bd3 c5 17.Qf4 cxd4 18.cxd4 Qb4+ 19.Ke2 Qxb2+ 20.Ke3 Bxg2 21.Rhg1 
Bd5 22.Qxh6 Rc7 23.Rac1 f4+ 24.Qxf4 Re7 25.Rc8+ 1-0

[Event "Xtracon Chess Open 2018"]
[Site "Elsinore"]
[Date "2018.07.22"]
[Round "3"]
[White "Stam, Bart"]
[Black "Bratteteig, Tore-Inge"]
[Result "1-0"]
[WhiteElo "1845"]
[BlackElo "1585"]
[EventDate "2018.07.21"]
[WhiteFideId "1006240"]
[BlackFideId "1510711"]

1.e4 e6 2.d4 d5 3.Nc3 Nf6 4.Bg5 dxe4 5.Nxe4 Be7 6.Bxf6 Bxf6 7.Nf3 Nd7 8.
Bd3 b6 9.Qe2 Bb7 10.O-O-O Qe7 11.g4 g6 12.Kb1 O-O-O 13.Rhe1 h5 14.g5 Bg7 
15.h4 Rhe8 16.c3 Kb8 17.Ba6 Qf8 18.Bxb7 Kxb7 19.Qc4 Nb8 20.Ned2 Qd6 21.Ne5
Bxe5 22.Rxe5 Nc6 23.Re4 Qh2 24.Qe2 Rd5 25.Nf3 Qd6 26.c4 Rf5 27.d5 Nb4 28.
dxe6 1-0

[Event "Xtracon Chess Open 2018"]
[Site "Elsinore"]
[Date "2018.07.22"]
[Round "3"]
[White "Lalla, Karol"]
[Black "Sjol, Henrik"]
[Result "0-1"]
[WhiteElo "1580"]
[BlackElo "1841"]
[EventDate "2018.07.21"]
[WhiteFideId "12947407"]
[BlackFideId "1505629"]

1.d4 Nf6 2.f4 g6 3.Nf3 Bg7 4.e3 c5 5.c3 d5 6.Bd3 Nc6 7.Bd2 O-O 8.O-O Re8 
9.Be1 Ne4 10.Bh4 Qb6 11.Qc1 Bf5 12.Ne5 cxd4 13.Bxe4 Bxe4 14.cxd4 Rac8 15.
Nd7 Qd8 16.Nc5 Nxd4 17.exd4 Bxd4+ 18.Bf2 Rxc5 19.Nc3 Bxf2+ 20.Rxf2 d4 21.
Qe1 dxc3 22.Qxe4 cxb2 23.Rxb2 b6 24.Re1 Qc7 25.Kf2 Rc4 26.Qe5 Rxf4+ 0-1

[Event "Xtracon Chess Open 2018"]
[Site "Elsinore"]
[Date "2018.07.22"]
[Round "3"]
[White "Rasmussen, Morten"]
[Black "Madsen, Dennis"]
[Result "1-0"]
[WhiteElo "1837"]
[BlackElo "1578"]
[EventDate "2018.07.21"]
[WhiteFideId "1410865"]
[BlackFideId "1425919"]

1.d4 g6 2.e4 d6 3.Nf3 Bg7 4.Be3 f5 5.Nbd2 Nh6 6.c3 fxe4 7.Nxe4 Nf5 8.Bg5 
h6 9.Bf4 O-O 10.Qd2 g5 11.Be3 Nxe3 12.fxe3 Bg4 13.Be2 Nd7 14.Ng3 Nf6 15.h4
Bxf3 16.gxf3 Nh7 17.hxg5 Nxg5 18.f4 Ne6 19.O-O-O c5 20.d5 Nc7 21.Rdg1 e6 
22.dxe6 Nxe6 23.Bc4 Rf7 24.Bxe6 1-0

[Event "Xtracon Chess Open 2018"]
[Site "Elsinore"]
[Date "2018.07.22"]
[Round "3"]
[White "Starup, Leo"]
[Black "Nord, Alexander"]
[Result "0-1"]
[WhiteElo "1562"]
[BlackElo "1763"]
[EventDate "2018.07.21"]
[WhiteFideId "1422669"]
[BlackFideId "1738135"]

1.d4 Nf6 2.c4 e6 3.Nc3 Bb4 4.Qc2 O-O 5.Nf3 d6 6.Bg5 h6 7.Bh4 c5 8.e3 Nbd7 
9.Be2 Qa5 10.O-O Bxc3 11.bxc3 Qc7 12.Rfd1 b6 13.d5 Bb7 14.e4 e5 15.Rdb1 
Rfe8 16.Nd2 Kf8 17.Nf1 Ke7 18.Ne3 g6 19.g4 Kd8 20.g5 hxg5 21.Bxg5 Kc8 22.
f3 Kb8 23.a4 a5 24.Rb2 Ka7 25.Rab1 Nh5 26.Ng2 f6 27.Be3 Ba6 28.Bf1 Qd8 29.
f4 Qe7 30.Bd3 Rh8 31.f5 gxf5 32.exf5 Rag8 33.Kf1 Ng7 34.Rb5 Bxb5 35.Rxb5 
Rxh2 36.Bg1 Rh3 37.Qb1 Rb8 38.Ne3 Nh5 39.Rb2 Nf4 40.Be4 Rg8 41.Rh2 Rxg1+ 
42.Kxg1 Rxe3 43.Qc2 Re1+ 44.Kf2 Re2+ 0-1

[Event "Xtracon Chess Open 2018"]
[Site "Elsinore"]
[Date "2018.07.22"]
[Round "3"]
[White "Poulsen, Knud"]
[Black "Wahlgreen, Noah"]
[Result "1-0"]
[WhiteElo "1760"]
[BlackElo "1568"]
[EventDate "2018.07.21"]
[WhiteFideId "1422324"]
[BlackFideId "1457349"]

1.c4 Nf6 2.Nc3 g6 3.g3 Bg7 4.Bg2 O-O 5.e4 d6 6.Nge2 c5 7.O-O Nc6 8.d3 Ne8 
9.h3 f5 10.Bg5 Nf6 11.Rb1 fxe4 12.Bxf6 exd3 13.Bxg7 dxe2 14.Qxe2 Kxg7 15.
Nd5 e6 16.Nf4 Nd4 17.Qd1 Rb8 18.b4 cxb4 19.Qxd4+ e5 20.Qb2 Bf5 21.Rbd1 Qb6
22.Nd5 Qc5 23.Qxb4 Qxb4 24.Nxb4 1-0

[Event "Xtracon Chess Open 2018"]
[Site "Elsinore"]
[Date "2018.07.22"]
[Round "3"]
[White "Christensen, Benny"]
[Black "Gabrielsen, Rasmus Arvola"]
[Result "0-1"]
[WhiteElo "1754"]
[BlackElo "1546"]
[EventDate "2018.07.21"]
[WhiteFideId "1429949"]
[BlackFideId "1531190"]

1.d4 Nf6 2.Nf3 d5 3.Bf4 e6 4.c3 c5 5.e3 Be7 6.h3 O-O 7.Nbd2 b6 8.Bd3 Ba6 
9.Bxa6 Nxa6 10.Ne5 Nb8 11.O-O Nfd7 12.Ndf3 Nxe5 13.Nxe5 Qc8 14.Qg4 Bf6 15.
h4 Nd7 16.h5 g6 17.hxg6 hxg6 18.g3 Nxe5 19.dxe5 Bg7 20.Kg2 Qc6 21.f3 Rfc8 
22.Rh1 Qb5 23.Raf1 Qxb2+ 24.Rf2 Qxc3 25.Qh3 Bxe5 26.Qh7+ Kf8 27.Bh6+ Ke8 
28.f4 Bf6 29.Bg5 Ke7 30.Qg7 Rg8 31.Qxf6+ Qxf6 32.Bxf6+ Kxf6 33.Kf3 Rh8 34.
Rc1 Rh7 35.g4 Rah8 36.g5+ Ke7 37.Rc3 Rh3+ 38.Ke2 Rh2 39.Ra3 Rxf2+ 40.Kxf2 
Ra8 41.Ke2 Kd6 42.Rb3 Kc6 43.a4 a5 44.Rb1 Rh8 45.Kd3 Rh3 0-1

[Event "Xtracon Chess Open 2018"]
[Site "Elsinore"]
[Date "2018.07.22"]
[Round "3"]
[White "Tolba, Henri"]
[Black "Joensen, Sigurd"]
[Result "1/2-1/2"]
[WhiteElo "1751"]
[BlackElo "1515"]
[EventDate "2018.07.21"]
[WhiteFideId "1418246"]
[BlackFideId "7200935"]

1.e4 e5 2.Nc3 Nf6 3.Bc4 d6 4.d3 Be7 5.f4 exf4 6.Bxf4 Nc6 7.Nf3 O-O 8.O-O 
Bg4 9.h3 Bh5 10.Ne2 Kh8 11.c3 a6 12.a4 h6 13.Ng3 Bg6 14.Nh4 Bh7 15.Nhf5 
Qd7 16.Qd2 Ng8 17.Nxe7 Qxe7 18.b4 Nd8 19.Be3 Ne6 20.Rf2 f6 21.Raf1 Bg6 22.
Bb3 Qd7 23.Ne2 b6 24.Nf4 Bf7 25.Bxe6 Bxe6 26.Ng6+ Kh7 27.Nxf8+ Rxf8 28.Qc2
Kh8 29.c4 Ne7 30.b5 a5 31.Qd2 Ng8 32.Rf3 Qe7 33.g4 Qd7 34.Qg2 Rf7 35.Rg3 
g5 36.Rgf3 Kg7 37.Qf2 Kg6 38.Kg2 Kg7 39.Kg3 Kg6 1/2-1/2

[Event "Xtracon Chess Open 2018"]
[Site "Elsinore"]
[Date "2018.07.22"]
[Round "3"]
[White "Narheim, Mats"]
[Black "Andreasen, Jon S."]
[Result "1-0"]
[WhiteElo "1544"]
[BlackElo "1736"]
[EventDate "2018.07.21"]
[WhiteFideId "1518607"]
[BlackFideId "7201400"]

1.e4 c6 2.d4 d5 3.e5 Bf5 4.Nf3 e6 5.Be2 Nd7 6.Be3 Ne7 7.Nbd2 c5 8.c4 cxd4 
9.Bxd4 Nc6 10.cxd5 exd5 11.O-O a6 12.Nb3 Be7 13.Bc3 Be6 14.Nbd4 O-O 15.Bd3
Rc8 16.Nxc6 Rxc6 17.Nd4 Rc8 18.f4 Nc5 19.f5 Bd7 20.f6 gxf6 21.exf6 Bxf6 
22.Rxf6 Qxf6 23.Nf5 d4 24.Bxd4 Qxf5 25.Bxf5 Bxf5 26.Qf3 Rfd8 27.Qxf5 1-0

[Event "Xtracon Chess Open 2018"]
[Site "Elsinore"]
[Date "2018.07.22"]
[Round "3"]
[White "Norevall, Ulf"]
[Black "Morling, Aase"]
[Result "1-0"]
[WhiteElo "1733"]
[BlackElo "1476"]
[EventDate "2018.07.21"]
[WhiteFideId "1705555"]
[BlackFideId "1440993"]

1.d4 Nf6 2.c4 e6 3.Nc3 Bb4 4.Qc2 O-O 5.Bg5 h6 6.Bh4 b6 7.f3 Bb7 8.e4 Be7 
9.Bd3 Nh7 10.Bf2 Bb4 11.Ne2 d6 12.h4 e5 13.a3 Bxc3+ 14.Qxc3 Nd7 15.O-O-O 
c5 16.d5 Rc8 17.g4 Qf6 18.Bc2 Ba6 19.Ba4 Rfd8 20.Rdf1 Ndf8 21.Ng3 Qf4+ 22.
Kb1 g6 23.Bd1 b5 24.Qa5 Bb7 25.cxb5 Ra8 26.Qc3 Nd7 27.Be3 Qf6 28.Bxh6 a6 
29.Be2 axb5 30.Bxb5 Ba6 31.Bxa6 Rxa6 32.Bc1 Nb6 33.g5 Qe7 34.h5 Na4 35.Qe3
Rb8 36.hxg6 fxg6 37.Rh6 Qf7 38.Rfh1 Rab6 39.Rxh7 Qxh7 40.Rxh7 Kxh7 41.Qd2 
c4 42.Ne2 Rb3 43.Ka2 Rxf3 44.Qc2 Rfb3 45.Qxc4 Nxb2 46.Qxb3 Rxb3 47.Kxb3 
Nd3 48.Be3 Kg7 49.a4 Nf4 50.Nxf4 1-0

[Event "Xtracon Chess Open 2018"]
[Site "Elsinore"]
[Date "2018.07.22"]
[Round "3"]
[White "Leonhardsen, Vebjorn Maanum"]
[Black "Jensen, Hans Askov"]
[Result "1-0"]
[WhiteElo "1726"]
[BlackElo "1473"]
[EventDate "2018.07.21"]
[WhiteFideId "1539515"]
[BlackFideId "1419889"]

1.d4 Nf6 2.Nf3 c5 3.d5 d6 4.c4 g6 5.Nc3 Bg7 6.e4 O-O 7.Bd3 Nbd7 8.O-O Ng4 
9.Qc2 Nge5 10.Nxe5 Nxe5 11.Be2 f5 12.f4 Ng4 13.h3 Bd4+ 14.Kh1 Nf2+ 15.Kh2 
Bxc3 16.Rxf2 Bd4 17.Rf1 fxe4 18.Qxe4 Bf5 19.Qf3 Qd7 20.Bd3 e5 21.dxe6 Bxe6
22.Be3 Be5 23.Qe2 Bf6 24.Rab1 Rae8 25.Qd2 b6 26.b4 Rf7 27.Rfe1 Rfe7 28.Bf2
d5 29.cxd5 Bxd5 30.bxc5 Kg7 31.Bb5 Bc6 32.Qxd7 Bxd7 33.Bxd7 Rxe1 34.Rxe1 
Rxe1 35.Bxe1 bxc5 36.Be6 Bd4 37.Kg3 Kf6 38.Bc4 h6 39.Kf3 Kf5 40.g4+ Kf6 
41.Ke4 g5 42.f5 Ke7 43.Kd5 Kf6 44.a4 Be3 45.Bc3+ Kf7 46.Kd6+ Kf8 47.Ke6 
Bf4 48.f6 1-0

[Event "Xtracon Chess Open 2018"]
[Site "Elsinore"]
[Date "2018.07.22"]
[Round "3"]
[White "O`gorman, Brian"]
[Black "Nielsen, Peter"]
[Result "1-0"]
[WhiteElo "1514"]
[BlackElo "1707"]
[EventDate "2018.07.21"]
[WhiteFideId "2509601"]
[BlackFideId "1707485"]

1.e4 d5 2.exd5 Nf6 3.Nf3 Nxd5 4.d4 Bg4 5.Be2 e6 6.h3 Bh5 7.c3 c6 8.Qb3 Qc7
9.O-O Nd7 10.Bg5 Be7 11.Bxe7 Nxe7 12.Re1 O-O 13.Nbd2 Bg6 14.Nc4 Nd5 15.
Nfe5 Nxe5 16.Nxe5 Nf4 17.Bf3 Nd3 18.Nxd3 Bxd3 19.Be4 Bxe4 20.Rxe4 Rfd8 21.
Rae1 Rd7 22.c4 Rad8 23.Qc3 Kf8 24.Rg4 f5 25.Rg3 Re7 26.Re5 Qd6 27.Rd3 Kf7 
28.g4 g6 29.Kg2 b6 30.Kf3 c5 31.d5 Qc7 32.Rde3 Rde8 33.Qd3 exd5 34.Qxd5+ 
Kf8 35.Rxe7 Rxe7 36.gxf5 Rf7 37.Re5 1-0

[Event "Xtracon Chess Open 2018"]
[Site "Elsinore"]
[Date "2018.07.22"]
[Round "3"]
[White "Henriksen, Morgan"]
[Black "Tarakanov, Vladislav"]
[Result "1-0"]
[WhiteElo "1706"]
[BlackElo "1380"]
[EventDate "2018.07.21"]
[WhiteFideId "1510495"]
[BlackFideId "54149010"]

1.d4 e6 2.c4 d5 3.Nc3 Nf6 4.cxd5 exd5 5.Bf4 c6 6.Nf3 Be7 7.e3 O-O 8.Bd3 
Qb6 9.Rb1 Bg4 10.h3 Bh5 11.O-O Na6 12.Na4 Qa5 13.a3 Nb8 14.b4 Qd8 15.Be2 
Ne4 16.Rb3 Nd7 17.Ne5 Bxe2 18.Qxe2 Nxe5 19.Bxe5 Bf6 20.Bh2 Be7 21.Rc1 f5 
22.Nc5 Bxc5 23.dxc5 Rf6 24.f3 Ng5 25.b5 Qe7 26.bxc6 bxc6 27.Kh1 Re8 28.Bd6
Qf7 29.Rcb1 Qh5 30.Rb8 Re6 31.Rxe8+ Rxe8 32.Rb8 Ne6 33.Qb2 Qg6 34.Qb7 d4 
35.exd4 Nxd4 36.Qd7 Rxb8 37.Bxb8 Qf6 38.f4 h6 39.Be5 1-0

[Event "Xtracon Chess Open 2018"]
[Site "Elsinore"]
[Date "2018.07.22"]
[Round "3"]
[White "Halberg, Jesper"]
[Black "Jensen, Johannes Frank"]
[Result "1-0"]
[WhiteElo "1702"]
[BlackElo "1354"]
[EventDate "2018.07.21"]
[WhiteFideId "1451278"]
[BlackFideId "1457942"]

1.d4 d5 2.Bf4 Nf6 3.e3 Nc6 4.Nf3 Bg4 5.c4 dxc4 6.Bxc4 e6 7.Nc3 Bb4 8.O-O 
a6 9.h3 Bxf3 10.Qxf3 O-O 11.Rfd1 Bxc3 12.bxc3 Ne7 13.Qxb7 c6 14.Bxa6 Nfd5 
15.Bh2 Nxc3 16.Rdc1 Ncd5 17.Be2 Rc8 18.a4 Ra8 19.Bf3 h6 20.Rc5 Qe8 21.a5 
Qc8 22.Qxc8 Rfxc8 23.Bd6 Ng6 24.a6 Nc7 25.Rxc6 Nb5 26.Rxc8+ Rxc8 27.Bc5 
Rc7 28.a7 Nxa7 29.Rxa7 Rxa7 30.Bxa7 Kf8 31.Bc5+ Ke8 32.Bc6+ Kd8 33.Be4 Nh8
34.Bf8 f5 35.Bxg7 Nf7 36.Bf3 h5 37.Bf6+ Kd7 38.Bxh5 Nd6 39.f3 Nc4 40.Kf2 
Kd6 41.g4 fxg4 42.Bxg4 Nb6 43.h4 Nd7 44.Bg7 Nb6 45.h5 Nd5 46.h6 Nc7 47.h7 
Ne8 48.h8=Q Nxg7 49.Qxg7 e5 50.Qxe5+ Kc6 51.Qc5+ Kb7 52.Bc8+ Kb8 53.Qc6 
Ka7 54.Qb7# 1-0

[Event "Xtracon Chess Open 2018"]
[Site "Elsinore"]
[Date "2018.07.22"]
[Round "3"]
[White "Haugaard, Thomas"]
[Black "Thybo, Jan"]
[Result "1-0"]
[WhiteElo "1697"]
[BlackElo "1272"]
[EventDate "2018.07.21"]
[WhiteFideId "1414330"]
[BlackFideId "1438824"]

1.d4 Nf6 2.c4 g6 3.Nc3 Bg7 4.e4 d6 5.f3 O-O 6.Be3 e5 7.Nge2 Nbd7 8.Qd2 c5 
9.d5 Nb6 10.Ng3 Ne8 11.Bd3 f5 12.Bg5 Bf6 13.Bh6 Bg7 14.exf5 gxf5 15.Bg5 
Bf6 16.h4 h6 17.Bxf6 Qxf6 18.O-O-O Qg6 19.Nge2 Ng7 20.g4 Bd7 21.Rdg1 Qh7 
22.Ng3 Qh8 23.gxf5 Bxf5 24.Nxf5 Rxf5 25.Bxf5 Nxc4 26.Qd3 Nb6 27.Rg6 Kf7 
28.Be6+ Ke7 29.Rhg1 Nxe6 30.dxe6 Rf8 31.Nd5+ Nxd5 32.Qxd5 1-0

[Event "Xtracon Chess Open 2018"]
[Site "Elsinore"]
[Date "2018.07.22"]
[Round "3"]
[White "Kristensen, Thomas Overgaard"]
[Black "Nielsen, Bjorn"]
[Result "1-0"]
[WhiteElo "1696"]
[BlackElo "1261"]
[EventDate "2018.07.21"]
[WhiteFideId "1419803"]
[BlackFideId "1416839"]

1.d4 d5 2.c4 Nf6 3.Nc3 e6 4.cxd5 Nxd5 5.e4 Nf6 6.Bg5 Be7 7.Nf3 O-O 8.Bd3 
b6 9.Rc1 Bb7 10.Qc2 Ne8 11.Be3 g6 12.O-O Ng7 13.Ne5 Nd7 14.Ng4 c5 15.Nh6+ 
Kh8 16.Bc4 Nf6 17.Rcd1 Ng8 18.d5 e5 19.d6 Bg5 20.Nxf7+ Rxf7 21.Bxf7 Qf6 
22.Qb3 Nh6 23.Nd5 Bxd5 24.Bxd5 Rd8 25.Bxg5 Qxg5 26.Qf3 Ng8 27.Qf7 Re8 28.
Qc7 Nh5 29.Bxg8 Kxg8 30.Rd3 Nf4 31.Rg3 Ne2+ 32.Kh1 Qd8 33.d7 Re7 34.Qxd8+ 
1-0

[Event "Xtracon Chess Open 2018"]
[Site "Elsinore"]
[Date "2018.07.22"]
[Round "3"]
[White "Gade, Jens"]
[Black "Stuhr, Finn"]
[Result "0-1"]
[WhiteElo "1465"]
[BlackElo "1695"]
[EventDate "2018.07.21"]
[WhiteFideId "1416111"]
[BlackFideId "1400789"]

1.f4 b6 2.Nf3 Bb7 3.e3 Nf6 4.Be2 e6 5.b3 g6 6.Bb2 Bg7 7.O-O O-O 8.Nc3 d6 
9.d3 Nd5 10.Qd2 Nxc3 11.Bxc3 Bxc3 12.Qxc3 Nd7 13.Nd4 Nf6 14.Nb5 Nd5 15.Qd2
c6 16.Nc3 Ne7 17.Bf3 d5 18.Ne2 Qc7 19.Rac1 Rac8 20.c4 dxc4 21.Rxc4 Ba6 22.
Rc3 Rfd8 23.Nc1 Qd6 24.Rd1 c5 25.Qc2 Nf5 26.Kf2 Nh4 27.Be2 Qd5 28.Bf1 Nf5 
29.e4 Qd4+ 30.Ke1 Ne3 31.Qf2 0-1

[Event "Xtracon Chess Open 2018"]
[Site "Elsinore"]
[Date "2018.07.22"]
[Round "3"]
[White "Harders, Poul Erik"]
[Black "Johansen, Paul Ivar"]
[Result "1-0"]
[WhiteElo "1693"]
[BlackElo "1244"]
[EventDate "2018.07.21"]
[WhiteFideId "1416251"]
[BlackFideId "1508024"]

1.d4 d5 2.c4 Nf6 3.cxd5 Nxd5 4.Nf3 Bg4 5.e4 Nb6 6.Be3 Bxf3 7.Qxf3 e5 8.d5 
N8d7 9.Nc3 Bb4 10.Bd3 Bxc3+ 11.bxc3 a6 12.O-O Qf6 13.Qe2 O-O 14.f4 Qd6 15.
fxe5 Nxe5 16.Bf4 Nbd7 17.Bc2 Qc5+ 18.Qe3 Qxe3+ 19.Bxe3 b5 20.Bb3 Rac8 21.
Bd4 c5 22.dxc6 Rxc6 23.a4 Nc4 24.axb5 axb5 25.Rf5 b4 26.cxb4 Nd2 27.Bd5 
Rc2 28.b5 Nc4 29.Bc6 Nd6 30.Rd5 Nxe4 31.Rxd7 Nd2 32.Bd5 Nb3 33.Rf1 Nxd4 
34.Rfxf7 Ne2+ 35.Kh1 Rxf7 36.Rd8# 1-0

[Event "Xtracon Chess Open 2018"]
[Site "Elsinore"]
[Date "2018.07.22"]
[Round "3"]
[White "Stage, Mathias Juul"]
[Black "Weber, Andreas"]
[Result "0-1"]
[WhiteElo "1447"]
[BlackElo "1693"]
[EventDate "2018.07.21"]
[WhiteFideId "1463306"]
[BlackFideId "24652504"]

1.d4 d5 2.Bf4 Nf6 3.e3 b6 4.Nf3 Bb7 5.Bd3 e6 6.c3 Bd6 7.Bg3 O-O 8.Qc2 Ne4 
9.Nbd2 f5 10.Ne5 Nd7 11.Nxd7 Qxd7 12.f3 Nxg3 13.hxg3 Bxg3+ 14.Ke2 Bd6 15.
g4 Rae8 16.Rh5 g6 17.Rh6 c5 18.Rah1 Re7 19.Qb1 Rff7 20.f4 cxd4 21.cxd4 Qc7
22.Nf3 Bxf4 23.exf4 Qxf4 24.g5 e5 25.Nxe5 Qxd4 26.Kd2 Rxe5 27.Rxh7 Rxh7 
28.Rxh7 Kxh7 29.Qh1+ 0-1

[Event "Xtracon Chess Open 2018"]
[Site "Elsinore"]
[Date "2018.07.22"]
[Round "3"]
[White "Overmark, Ole"]
[Black "O`gorman, Pipa"]
[Result "1-0"]
[WhiteElo "1688"]
[BlackElo "1231"]
[EventDate "2018.07.21"]
[WhiteFideId "1410776"]
[BlackFideId "45171637"]

1.e4 d5 2.exd5 Qxd5 3.Nc3 Qa5 4.d4 Nc6 5.Nf3 e5 6.Bc4 h6 7.O-O Nf6 8.Re1 
Bd6 9.d5 Ne7 10.Nxe5 Bf5 11.Bb5+ Bd7 12.Nc4 Qb4 13.a3 Bxb5 14.axb4 Bxc4 
15.Qd4 Ba6 16.b5 Bxb5 17.Nxb5 a6 18.Nxd6+ cxd6 19.Bf4 O-O 20.Rxe7 b5 21.
Bxh6 Rfe8 22.Rxe8+ Rxe8 23.f3 Kf8 24.Qxf6 1-0

[Event "Xtracon Chess Open 2018"]
[Site "Elsinore"]
[Date "2018.07.22"]
[Round "3"]
[White "Ji, Jiabao Eivind"]
[Black "Larsen, Mette Dalsgaard"]
[Result "1-0"]
[WhiteElo "1250"]
[BlackElo "1682"]
[EventDate "2018.07.21"]
[WhiteFideId "1540882"]
[BlackFideId "1430718"]

1.e4 e6 2.d4 d5 3.e5 c5 4.c3 cxd4 5.cxd4 Nc6 6.Nf3 Nge7 7.a3 Nf5 8.b4 Qb6 
9.Be3 Bd7 10.Nc3 Qd8 11.Bd3 Nxe3 12.fxe3 Rc8 13.O-O Nxd4 14.Nxd4 Rxc3 15.
Qf3 Qe7 16.Bb5 a6 17.Bxd7+ Qxd7 18.Rfc1 Rxc1+ 19.Rxc1 Be7 20.Qg4 O-O 21.
Rf1 Qa4 22.Ra1 Qd7 23.Rf1 Rc8 24.Qf4 Rf8 25.Qg4 Bd8 26.Rd1 Bc7 27.Qh5 Qe7 
28.Rf1 g6 29.Qh6 Bxe5 30.Rf3 Bg7 31.Qh3 e5 32.Ne2 Rc8 33.Qxc8+ Bf8 34.Qc3 
f5 35.Ng3 Bg7 36.Qc8+ Kf7 37.Qc5 Qd7 38.Rf1 Bf8 39.Qc3 d4 40.Qc4+ Ke8 41.
exd4 e4 42.Re1 Bh6 43.d5 Bd2 44.Re2 Bf4 45.Nxe4 1-0

[Event "Xtracon Chess Open 2018"]
[Site "Elsinore"]
[Date "2018.07.22"]
[Round "3"]
[White "Rasmussen, Henning"]
[Black "Mansoor, Areeb"]
[Result "1-0"]
[WhiteElo "1682"]
[BlackElo "1205"]
[EventDate "2018.07.21"]
[WhiteFideId "1410962"]
[BlackFideId "1535870"]

1.d4 Nf6 2.c4 e6 3.Nf3 d5 4.e3 Bb4+ 5.Bd2 Bxd2+ 6.Nbxd2 Nc6 7.Bd3 O-O 8.a3
Re8 9.Ne5 Nxe5 10.dxe5 Nd7 11.Nf3 dxc4 12.Bxc4 b6 13.Bb5 Re7 14.Bc6 Rb8 
15.O-O Ba6 16.Re1 Nc5 17.b4 Qxd1 18.Rexd1 Nb7 19.b5 Nd8 20.Nd4 Bc8 21.Rd2 
Bb7 22.Bxb7 Rxb7 23.Nc6 Nxc6 24.bxc6 Rb8 25.Rad1 Ree8 26.Rd7 Rbc8 27.Kf1 
a5 28.a4 g6 29.Ke2 Kg7 30.Kd3 Red8 31.Kc4 Rxd7 32.Rxd7 h6 33.Kb5 Kf8 34.
Ka6 Ke8 35.Kb7 Rd8 36.Kxc7 Ra8 37.Kxb6 h5 38.h4 g5 39.Kb7 Rd8 40.Rxd8+ 
Kxd8 41.c7+ 1-0

[Event "Xtracon Chess Open 2018"]
[Site "Elsinore"]
[Date "2018.07.22"]
[Round "3"]
[White "Tummasarson, Flovin M."]
[Black "Larsen, Hans Haagen"]
[Result "1-0"]
[WhiteElo "1237"]
[BlackElo "1679"]
[EventDate "2018.07.21"]
[WhiteFideId "7202431"]
[BlackFideId "1409557"]

1.e4 e6 2.d4 d5 3.exd5 exd5 4.c4 Bb4+ 5.Nc3 Nc6 6.a3 Bxc3+ 7.bxc3 Be6 8.
cxd5 Qxd5 9.Nf3 Na5 10.Be2 Nf6 11.O-O Ne4 12.Bb2 Nd6 13.Ne5 O-O 14.Qa4 f6 
15.Bf3 Qb5 16.Qxb5 Nxb5 17.Nd3 Nd6 18.Rfe1 Bf5 19.Nc5 Rfe8 20.Bd5+ Kh8 21.
h3 Nac4 22.Rxe8+ Rxe8 23.Bc1 c6 24.Bxc4 b6 25.Bd3 bxc5 26.Bxf5 Nxf5 27.
dxc5 Re2 28.Bf4 g5 29.Bc7 Kg7 30.Ba5 Ne7 31.Rd1 a6 32.Rd7 Kf7 33.Ra7 Ra2 
34.Bb4 Ke6 35.Rxa6 h5 36.Ra8 h4 37.a4 Nf5 38.a5 Kd7 39.a6 Kc7 40.Rf8 Rxa6 
41.Rxf6 Ne7 42.Rf7 Kd8 43.Rg7 Nd5 44.Rxg5 Ra1+ 45.Kh2 Rf1 46.Rg4 Rxf2 47.
Rxh4 Ne3 48.Rh8+ Ke7 49.Rg8 Rb2 50.h4 Kf7 51.Rg5 Kf6 52.Ba5 Ra2 53.Bd8+ 
Kf7 54.h5 Rd2 55.Bc7 Nd5 56.Bd6 Nxc3 57.h6 Rd4 58.g3 Rd2+ 59.Kh3 Ne4 60.
Rg7+ Kf6 61.Be7+ Ke6 62.h7 Rd1 63.Bh4 Nf6 64.h8=Q 1-0

[Event "Xtracon Chess Open 2018"]
[Site "Elsinore"]
[Date "2018.07.22"]
[Round "3"]
[White "Hinrichs, Kurt"]
[Black "Nielsen, Jorgen Kamp"]
[Result "0-1"]
[WhiteElo "1223"]
[BlackElo "1674"]
[EventDate "2018.07.21"]
[WhiteFideId "12994057"]
[BlackFideId "1413279"]

1.d4 f5 2.Bf4 Nf6 3.e3 g6 4.Nd2 Bg7 5.Bd3 O-O 6.c4 d6 7.h3 Nbd7 8.Qb3 e5 
9.dxe5 dxe5 10.Bg3 Nc5 11.Qc2 Nxd3+ 12.Ke2 e4 13.Rd1 Nh5 14.Bh2 Nxb2 15.
Rb1 Nd3 16.g4 fxg4 17.Nxe4 Ne5 18.hxg4 Bxg4+ 19.Ke1 Nf3+ 20.Nxf3 Bxf3 21.
Rg1 Qh4 22.Ng3 Qxh2 0-1

[Event "Xtracon Chess Open 2018"]
[Site "Elsinore"]
[Date "2018.07.22"]
[Round "3"]
[White "Schjolin, John"]
[Black "Nielsen, Leo Kresten Roland"]
[Result "0-1"]
[WhiteElo "1160"]
[BlackElo "1653"]
[EventDate "2018.07.21"]
[WhiteFideId "1439413"]
[BlackFideId "1426095"]

1.d4 d5 2.Nf3 Nc6 3.e3 Bg4 4.Be2 e6 5.Nc3 Bb4 6.Bd2 Nf6 7.Bd3 Bxc3 8.Bxc3 
Ne4 9.h3 Nxc3 10.bxc3 Bxf3 11.Qxf3 Qf6 12.Qxf6 gxf6 13.O-O Ke7 14.Rab1 b6 
15.Bb5 Na5 16.a4 c6 17.Bd3 Rhg8 18.Bxh7 Rg7 19.Bd3 Rag8 20.g4 f5 21.f3 Kd6
22.Kh2 fxg4 23.fxg4 Rh8 24.Rf3 Rxg4 25.Bf1 Rg7 26.Be2 Nc4 27.Bxc4 dxc4 28.
Rg1 Rxg1 29.Kxg1 f5 30.Rg3 a5 31.Kh2 b5 32.Rg7 Ra8 33.axb5 cxb5 34.Rg1 a4 
35.Ra1 Kd5 36.Kg2 Ke4 37.Kf2 a3 38.h4 Rh8 39.Rxa3 Rxh4 40.Ra5 Rh2+ 41.Kg3 
Rxc2 42.Rxb5 Rxc3 43.Re5+ Kd3 44.Kf4 Ra3 45.Rxe6 c3 46.Rc6 Ra4 47.Kxf5 Rc4
48.Ra6 c2 49.Ra3+ Rc3 50.Ra1 Kxe3 51.d5 Rd3 52.Rc1 Kd2 53.Rxc2+ Kxc2 54.
Ke5 Kc3 55.Ke6 Kc4 56.d6 Kc5 57.d7 Kc6 0-1

[Event "Xtracon Chess Open 2018"]
[Site "Elsinore"]
[Date "2018.07.22"]
[Round "3"]
[White "Olsen, Lars Peter Levin"]
[Black "Petersen, Jan"]
[Result "0-1"]
[WhiteElo "1106"]
[BlackElo "1647"]
[EventDate "2018.07.21"]
[WhiteFideId "1454102"]
[BlackFideId "1426320"]

1.e4 e5 2.Nf3 Nc6 3.Bb5 Nge7 4.Bxc6 Nxc6 5.O-O Bc5 6.c3 d6 7.Qb3 O-O 8.d3 
Rb8 9.Bg5 Qe8 10.Nbd2 Be6 11.Qd1 f5 12.Re1 f4 13.a3 a6 14.b4 Ba7 15.c4 h6 
16.Bh4 g5 17.Bxg5 hxg5 18.Nxg5 Qg6 19.Ndf3 Bg4 20.h4 Qh5 21.c5 Nd4 22.Ra2 
dxc5 23.Qc1 b5 24.bxc5 Nxf3+ 25.Nxf3 Bxf3 26.gxf3 Kh7 27.Qd1 Rg8+ 28.Kf1 
Bxc5 29.Rc2 Bb6 30.Qa1 Rbe8 31.Ke2 Rg2 32.Kd1 Qxf3+ 33.Rce2 Qxd3+ 34.Rd2 
Qb3+ 35.Rc2 Rxf2 36.Qc1 Rd8+ 37.Qd2 Rdxd2+ 0-1